|
|
|
|
| LEADER |
01896nam a22003257a 4500 |
| 001 |
37174 |
| 003 |
BD-DhAAL |
| 005 |
20211111115347.0 |
| 008 |
200310t2019 enk 001|0|eng|d |
| 999 |
|
|
|c 41024
|d 41024
|
| 020 |
|
|
|a 9781789133271
|
| 020 |
|
|
|a 9781789137316
|
| 040 |
|
|
|a BD-DhAAL
|
| 082 |
|
|
|a 005.133
|2 23
|
| 100 |
|
|
|a Gupta, Mala
|9 39858
|
| 245 |
|
|
|a Java 11 and 12 - new features :
|b learn about Project Amber and the latest developments in the Java language and platform /
|c Mala Gupta.
|
| 260 |
|
|
|a Birmingham :
|b Packt Publishing,
|c 2019.
|
| 300 |
|
|
|a vii, 227 pages :
|b illustrations ;
|c 24 cm.
|
| 500 |
|
|
|a Includes index.
|
| 526 |
|
|
|a CSE
|
| 541 |
|
|
|a Book Finder International
|e 37174, 37175, 37176, 37177, 37178
|
| 650 |
|
|
|a Java (Computer program language).
|9 39859
|
| 650 |
|
|
|a Computer science
|9 42561
|
| 852 |
|
|
|a Ayesha Abed Library
|c General Stacks
|
| 942 |
|
|
|2 ddc
|c BK
|
| 952 |
|
|
|0 0
|1 0
|2 ddc
|4 0
|6 005_133000000000000_GUP
|7 0
|9 68053
|a BRACUL
|b BRACUL
|c GEN
|d 2020-03-01
|e Book Finder International
|g 2998.75
|l 0
|o 005.133 GUP
|p 3010037174
|r 2020-03-01
|t 1
|v 2998.75
|w 2020-03-01
|y BK
|
| 952 |
|
|
|0 0
|1 0
|2 ddc
|4 0
|6 005_133000000000000_GUP
|7 0
|9 68054
|a BRACUL
|b BRACUL
|c GEN
|d 2020-03-01
|e Book Finder International
|g 2998.75
|l 0
|o 005.133 GUP
|p 3010037175
|r 2020-03-01
|t 2
|v 2998.75
|w 2020-03-01
|y BK
|
| 952 |
|
|
|0 0
|1 0
|2 ddc
|4 0
|6 005_133000000000000_GUP
|7 0
|9 68055
|a BRACUL
|b BRACUL
|c GEN
|d 2020-03-01
|e Book Finder International
|g 2998.75
|l 0
|o 005.133 GUP
|p 3010037176
|r 2020-03-01
|t 3
|v 2998.75
|w 2020-03-01
|y BK
|
| 952 |
|
|
|0 0
|1 0
|2 ddc
|4 0
|6 005_133000000000000_GUP
|7 0
|9 68056
|a BRACUL
|b BRACUL
|c GEN
|d 2020-03-01
|e Book Finder International
|g 2998.75
|l 0
|o 005.133 GUP
|p 3010037177
|r 2020-03-01
|t 4
|v 2998.75
|w 2020-03-01
|y BK
|
| 952 |
|
|
|0 0
|1 0
|2 ddc
|4 0
|6 005_133000000000000_GUP
|7 0
|9 68057
|a BRACUL
|b BRACUL
|c GEN
|d 2020-03-01
|e Book Finder International
|g 2998.75
|l 0
|o 005.133 GUP
|p 3010037178
|r 2020-03-01
|t 5
|v 2998.75
|w 2020-03-01
|y BK
|